000 00769nam a2200241Ia 4500
003 OSt
005 20220928130942.0
006 a|||||r|||| 00| 0
007 ta
008 220927b |||||||| |||| 00| 0 eng d
020 _c1399.3199999999999
024 _a113827
037 _b8624, 13/12/2011, Bookwell Publications
_cReference Collections
040 _aSDCL
_cSDCL
_beng
041 _2eng
_aeng
082 _aX:77n73,N78, Q2
245 0 _aWORLD DEVELOPMENT report 2012
_b Gender equality and development.
260 _aWashington
_bThe World Bank
_c2011
300 _axxiii,426p.
_ccm.
650 _aReference
942 _hX:77n73,N78, Q2
_cREF
_2CC
999 _c789173
_d789173